000 00493nam a2200205Ia 4500
005 20230707095238.0
008 131103s9999 xx 000 0 und d
020 _a978-0-330-45097-5
040 _aLoreto College
041 _aEnglish
082 _aF
_bBAL
100 _aBaldacci, David.
245 _aSimple genius.
_cDavid Baldacci.
260 _aLondon.
_bPan books.
_c2007
300 _a577p.
650 _aFiction.
651 _aEnglish fiction
850 _aLCLIB
942 _cBK
999 _c18030
_d68509